El resultado financiero (Registro nro. 17388)

Detalles MARC
000 -LEADER
fixed length control field 00311 a2200109 4500
001 - CONTROL NUMBER
control field ART_2431
005 - DATE AND TIME OF LATEST TRANSACTION
control field 20260410161726.0
008 - FIXED-LENGTH DATA ELEMENTS--GENERAL INFORMATION
fixed length control field 260409a
100 1# - MAIN ENTRY--PERSONAL NAME
Personal name Hunt, Pearson
245 10 - TITLE STATEMENT
Title El resultado financiero
773 0# - HOST ITEM ENTRY
Title Administración de empresas
Related parts - Año 7, Nº 73 (abr. 1976)
Record control number REV2036

No hay ítems disponibles.